Προβληματισμοί και προοπτικές για τη μάθηση και τη διδασκαλία της γλώσσας

Αποθηκεύτηκε σε:
Λεπτομέρειες βιβλιογραφικής εγγραφής
Άλλοι συγγραφείς: Σπαντιδάκης, Ιωάννης (Επιμελητής έκδοσης), Παπαδάκη-Μιχαηλίδη, Ελένη (edtf)
Μορφή: Βιβλίο
Γλώσσα:Greek
Δημοσίευση: Αθήνα : Πεδίο, 2013.
Σειρά:Βασική Βιβλιοθήκη Παιδαγωγικής (Πεδίο)
Θέματα:
Ετικέτες: Προσθήκη ετικέτας
Δεν υπάρχουν, Καταχωρήστε ετικέτα πρώτοι!

MARC

LEADER 00000cam a2200000 i 4500
001 1/64177
008 150120s2013 gr | ||| |||| ||gre||
020 |a 9789605461119 
035 |l 10120539 
040 |a GR-MY-UA  |b gre  |e aacr 
041 0 |a gre 
082 7 |a 489.307   |2 (23) 
245 0 0 |a Προβληματισμοί και προοπτικές για τη μάθηση και τη διδασκαλία της γλώσσας /   |c επιστημονική επιμέλεια: Γιάννης Σπαντιδάκης, Ελένη Μιχαηλίδη.  
260 |a Αθήνα :   |b Πεδίο,   |c 2013.  
300 |a 381 σ. ;   |c 24 εκ. 
490 1 |a (Βασική Βιβλιοθήκη Παιδαγωγικής / Πεδίο)  
500 |a Τιμητικός τόμος στον καθηγητή Μιχάλη Βάμβουκα.  
504 |a Περιέχει βιβλιογραφικές παραπομπές.  
650 0 0 |a Language and languages  |x Study and teaching. 
650 0 0 |a Language experience approach in education. 
650 0 0 |a Language acquisition. 
650 0 0 |a Language  |x Study and teaching. 
700 1 |a Σπαντιδάκης, Ιωάννης,  |e edt 
700 1 |a Παπαδάκη-Μιχαηλίδη, Ελένη,  |e edtf 
830 0 |a Βασική Βιβλιοθήκη Παιδαγωγικής (Πεδίο) 
852 |a INST  |b RHODES  |c EUDOXUS  |e 20150120  |h 489.307 ΠΡΟ  |p 005400037484  |q 005400037484  |t EDX  |y 0 
852 |a INST  |b RHODES  |c EUDOXUS  |e 20160412  |h 489.307 ΠΡΟ  |p 005400038326  |q 005400038326  |t EDX  |y 0 
852 |a INST  |b RHODES  |c EUDOXUS  |e 20160412  |h 489.307 ΠΡΟ  |p 005400038327  |q 005400038327  |t EDX  |y 0 
901 |a BIBL4-2015-1 
909 |a Ρ  |b 183801 
920 |a Εύδοξος  |b Παραγγελία  |y Ρόδος-ΠΤΔΕ  |z 2014-12 
920 |a Εύδοξος  |b Παραγγελία  |y Ρόδος-ΠΤΔΕ  |z 2016-04 
922 |a 4ΕΛΗ 
970 |z 2015/01/20